Search the Library Catalogue
| 000 -LEADER | |
|---|---|
| fixed length control field | 01115nam a22001817a 4500 |
| 008 - FIXED-LENGTH DATA ELEMENTS--GENERAL INFORMATION | |
| fixed length control field | 250127b |||||||| |||| 00| 0 eng d |
| 020 ## - INTERNATIONAL STANDARD BOOK NUMBER | |
| ISBN | 9788120328594 |
| Paper back/Hardbound | pbk |
| 041 ## - LANGUAGE CODE | |
| Language code of text/sound track or separate title | eng |
| 082 ## - DEWEY DECIMAL CLASSIFICATION NUMBER | |
| Classification number | 658.7 |
| Item number | ALT |
| 100 ## - MAIN ENTRY--AUTHOR NAME | |
| Personal name | Atlekar, Rahul V. |
| 245 ## - TITLE STATEMENT | |
| Title | Supply Chain Management: Concepts and Cases |
| Statement of responsibility, etc | Atlekar, Rahul V. |
| 260 ## - PUBLICATION, DISTRIBUTION, ETC. (IMPRINT) | |
| Place of publication | New Delhi |
| Name of publisher | PHI |
| Year of publication | 2009 |
| 300 ## - PHYSICAL DESCRIPTION | |
| Number of Pages | xvii, 453 p. |
| 520 ## - SUMMARY, ETC. | |
| Summary, etc | In response to the increasing significance attached to supply chain management in both academic and professional areas, this text intends to build a bridge and highlight the relationship between various disciplines of SCM like demand planning, manufacturing planning, logistics planning, analytical IT management, global e-biz modeling, performance benchmarking etc. Primarily intended to address the typical and general syllabus requirements of postgraduate management programmes, and undergraduate and postgraduate engineering programmes, this book also caters to the needs of the industry professionals in the supply chain domain. |
| 650 ## - SUBJECT ADDED ENTRY--TOPICAL TERM | |
| Topical Term | Supply chain management |
| 942 ## - ADDED ENTRY ELEMENTS (KOHA) | |
| Koha item type | English Books |
| Withdrawn status | Lost status | Damaged status | Not for loan | Home library | Current library | Shelving location | Date acquired | Full call number | Accession Number | Price effective from | Koha item type |
|---|---|---|---|---|---|---|---|---|---|---|---|
| Anna Centenary Library | Anna Centenary Library | 6TH FLOOR, B WING | 25.10.2010 | 658.7 ALT | 326205 | 27.01.2025 | English Books |